| 000 | 00492nam a2200181Ia 4500 | ||
|---|---|---|---|
| 008 | 230524s9999 xx 000 0 und d | ||
| 020 | _a9788177587944 | ||
| 082 |
_a658.4 _bWES |
||
| 100 | _aJ.Fred Weston | ||
| 245 | 0 | _a"Takeovers, Restructuring, and Corporate Governance," | |
| 250 | _a4TH | ||
| 260 |
_aNEW DELHI _bPearson _c2009 |
||
| 300 | _aXXII;713 | ||
| 500 | _aQuantity Number: 15 | ||
| 650 | _aManagement | ||
| 700 | _a" Mark L.Mitchell , J.Harold Mulherin,,," | ||
| 942 | _cBK | ||
| 999 |
_c46652 _d46652 |
||